Delivering affordable housing in troubled times (Record no. 111961)
[ view plain ]
| 000 -LEADER | |
|---|---|
| fixed length control field | 00882cad a22002175a 4500 |
| 001 - CONTROL NUMBER | |
| control field | E152271 |
| 008 - FIXED-LENGTH DATA ELEMENTS--GENERAL INFORMATION | |
| fixed length control field | 110215s2011 xxk f 000 0 eng d |
| 020 ## - INTERNATIONAL STANDARD BOOK NUMBER | |
| International Standard Book Number | 9781859358054 |
| 035 ## - SYSTEM CONTROL NUMBER | |
| System control number | (Sirsi) u152271 |
| 041 0# - LANGUAGE CODE | |
| Language code of text/sound track or separate title | eng |
| 100 1# - MAIN ENTRY--PERSONAL NAME | |
| Personal name | Gibb, Kenneth |
| 245 00 - TITLE STATEMENT | |
| Title | Delivering affordable housing in troubled times |
| Remainder of title | Scotland national report |
| Medium | [electronic resource] |
| 260 ## - PUBLICATION, DISTRIBUTION, ETC. | |
| Place of publication, distribution, etc. | York |
| Name of publisher, distributor, etc. | JRF |
| Date of publication, distribution, etc. | 2011 |
| 520 ## - SUMMARY, ETC. | |
| Summary, etc. | Looks at new ways of funding the construction of affordable housing in Scotland, in the light of the current financial constraints caused by reduced funding. |
| 590 ## - LOCAL NOTE (RLIN) | |
| Local note | KA |
| 651 #4 - SUBJECT ADDED ENTRY--GEOGRAPHIC NAME | |
| Geographic name | Scotland |
| Chronological subdivision | 1999- |
| 690 ## - LOCAL SUBJECT ADDED ENTRY--TOPICAL TERM (OCLC, RLIN) | |
| Topical term or geographic name as entry element | PROPERTY-RESIDENTIAL PROPERTY-DOMESTIC RESIDENTIAL PROPERTY-HOUSING |
| 700 1# - ADDED ENTRY--PERSONAL NAME | |
| Personal name | Leishman, Chris |
| 856 40 - ELECTRONIC LOCATION AND ACCESS | |
| Uniform Resource Identifier | <a href="https://www.jrf.org.uk/publications/affordable-housing-troubled-times">https://www.jrf.org.uk/publications/affordable-housing-troubled-times</a> |
| Public note | View the report free of charge at www.jrf.org.uk |
| 942 ## - ADDED ENTRY ELEMENTS (KOHA) | |
| Suppress in OPAC | 0 |
| Withdrawn status | Lost status | Source of classification or shelving scheme | Damaged status | Not for loan | Home library | Current library | Shelving location | Date acquired | Total Checkouts | Full call number | Barcode | Date last seen | Copy number | Price effective from | Koha item type |
|---|---|---|---|---|---|---|---|---|---|---|---|---|---|---|---|
| Dewey Decimal Classification | Virtual | Virtual | Online | 15/02/2011 | ONLINE PUBLICATION | 152271-2001 | 06/08/2019 | 1 | 06/08/2019 | Book |